000
00313nam a22001457a 4500
003
SGT
082
_a
370
_b
I14R
100
_a
RUHELA, S.P.
245
_a
INDIAN SOCIETY AND EDUCATION IN 2010
250
_a
2ND
260
_a
NEW DELHI
_b
INDIAN PUB
_c
2014
300
_a
156
650
_a
EDUCATION
942
_2
ddc
_c
BK
999
_c
11687
_d
11687